Central Library OPAC University of Rajshahi

Policies, decisions, and organization / (Record no. 46907)

MARC details
000 -LEADER
fixed length control field 00947nam a2200277 a 4500
001 - CONTROL NUMBER
control field 46907
003 - CONTROL NUMBER IDENTIFIER
rucl marc code BD-RjUL
005 - DATE AND TIME OF LATEST TRANSACTION
control field 20211209054228.0
008 - FIXED-LENGTH DATA ELEMENTS--GENERAL INFORMATION
fixed length control field 160806s1969 nyua b 001 0 eng
035 ## - SYSTEM CONTROL NUMBER
System control number (BD-RjUL)47026
040 ## - CATALOGING SOURCE
Original cataloging agency DLC
Transcribing agency DLC
Modifying agency DLC
-- BD-RjUL
Language of cataloging eng
041 ## - LANGUAGE CODE
Language code of text/sound track or separate title eng
082 00 - DEWEY DECIMAL CLASSIFICATION NUMBER
Classification number 350
Edition number 23
Author mark and year POL 1969
245 10 - TITLE STATEMENT
Title Policies, decisions, and organization /
Statement of responsibility, etc. edited by Fremont J. Lyden, George A. Shipman [and] Morton Kroll.
260 ## - PUBLICATION, DISTRIBUTION, ETC. (IMPRINT)
Place of publication, distribution, etc. New York :
Name of publisher, distributor, etc. Appleton-Century-Crofts,
Date of publication, distribution, etc. c1969
300 ## - PHYSICAL DESCRIPTION
Pagination vii, 387 p. :
Illustrations ill. ;
Size 24 cm.
504 ## - BIBLIOGRAPHY, ETC. NOTE
Bibliography, etc Bibliographical footnotes.
650 #0 - SUBJECT ADDED ENTRY--TOPICAL TERM
Topical term or geographic name as entry element Public administration.
9 (RLIN) 142883
Topical term or geographic name as entry element Decision making.
9 (RLIN) 142884
Topical term or geographic name as entry element Organization.
9 (RLIN) 142885
700 1# - ADDED ENTRY--PERSONAL NAME
Personal name Lyden, Fremont J., editor
Personal name Shipman, George A.
Fuller form of name (George Anderson),
Dates associated with a name 1903-1982,
Relator term joint editor
Personal name Kroll, Morton,
Relator term joint editor
942 ## - ADDED ENTRY ELEMENTS (KOHA)
Source of classification or shelving scheme Dewey Decimal Classification
Koha item type Books
Holdings
Lost status Source of classification or shelving scheme Damaged status Not for loan Collection code Permanent Location Current Location Shelving location Date acquired Source of acquisition Cost, normal purchase price Total Checkouts Full call number Date last seen Copy number Koha item type
  Dewey Decimal Classification     Non-fiction Central Library, University of Rajshahi Central Library, University of Rajshahi   20/11/1970 Swits & Zeitlinger 47.60   350 POL 1969 06/08/2016 C-2 Books